Countries by Region - Statistics

General Stats
  • This quiz has been taken 392 times
  • The average score is 31 of 36
Answer Stats
Answer % Correct
Finland
99%
Norway
99%
Denmark
98%
Sweden
98%
Iceland
96%
Latvia
96%
Estonia
95%
Lithuania
94%
Croatia
92%
Serbia
92%
Albania
90%
Bosnia and Herzegovina
90%
Montenegro
90%
Cambodia
89%
Ethiopia
89%
Kosovo
89%
Laos
89%
Somalia
89%
Greece
88%
Macedonia
88%
Romania
88%
Thailand
88%
Vietnam
88%
Djibouti
87%
Slovenia
87%
Eritrea
86%
Bulgaria
85%
Burma
85%
Malaysia
84%
Singapore
79%
Turkey
74%
Argentina
62%
Brazil
62%
Uruguay
61%
Paraguay
60%
Venezuela
59%
No matching quizzes found
Score Distribution
Percent of People with Each Score
Percentile by Number Answered
Your Score History
You have not taken this quiz